00445nam a22001577a 450000500170000001000130001702000260003003500130005603700210006908200060009010000280009624500600012426000290018427000510021330000230026420120814144513.0 aB-456991 a9780140123890c325.00 aB-456991 adplbK.K.Pub/Ven aN aMarquez, Gabriel garcia aLove in the time of Cholera/cby Gabriel Garcia marquez aNew Delhibpenguinc1989 a11 community centre panchsheel parkbNew Delhi a348 p.c18cm (pbk)